01434cam a2200337 a 4500001001400000003000800014005001700022006001900039007001500058008004100073020003800114040003000152049002600182050002200208082001800230100001800248245012000266260002800386300004400414504005100458520026600509521001700775588004700792650002600839655002900865710001600894776003500910856011600945942001601061999001901077EDZ0000067602StDuBDS20161031105112.0m||||||||d||||||||cr |||||||||||120405s2004 enka fo| 001|0|eng d a9781446216873 (ebook) :cNo price aStDuBDSbengcStDuBDSepn aAlfaisal Main Library 0aRJ504b.S518 200404a616.891562231 aSharry, John.10aCounselling children, adolescents and familiesh[electronic resource] :ba strengths-based approach /cJohn Sharry. aLondon :bSAGE,cc2004. a1 online resource (xiv, 183 p.) :bill. aIncludes bibliographical references and index.8 aThis book describes an innovative approach to therapeutic work which builds on the strengths of children and their parents. Helping clients to focus on potential solutions rather than problems can be a powerful means of engaging them in the therapeutic process. aSpecialized. aDescription based on print version record. 0aFamily psychotherapy. 7aElectronic books.2local2 aSage eBooks08iPrint version :z978076194951040uhttp://ezproxy.alfaisal.edu/login?url=http://sk.sagepub.com/books/counselling-children-adolescents-and-families 2lcccEBOOKS c479342d479342